Analýza controllingového systému řízení ve vybraných firmách zlínského regiónu
Controlling ako nástroj riadenia v súvislosti s zefektívnením podnikových činností. Vykonanie výskumu vo vybraných firmách Zlínskeho kraja (ČR) v oblasti využívania controllingových nástrojov vo vnútropodnikovom riadení.
Salvato in:
| Autore principale: | |
|---|---|
| Altri autori: | |
| Natura: | Capitolo di libro |
| Lingua: | ceco |
| Soggetti: | |
| Tags: |
Nessun Tag, puoi essere il primo ad aggiungerne!!
|
MARC
| LEADER | 00000naa$a2200000$$$4500 | ||
|---|---|---|---|
| 001 | 0003244 | ||
| 005 | 20231004104326.7 | ||
| 041 | 0 | |a cze | |
| 044 | |a CZ | ||
| 245 | 1 | 0 | |a Analýza controllingového systému řízení ve vybraných firmách zlínského regiónu |c Vlastimil Zeman, Roman Zámečník |
| 520 | |a Controlling ako nástroj riadenia v súvislosti s zefektívnením podnikových činností. Vykonanie výskumu vo vybraných firmách Zlínskeho kraja (ČR) v oblasti využívania controllingových nástrojov vo vnútropodnikovom riadení. | ||
| 610 | 2 | 0 | |a kontroling |
| 610 | 2 | 0 | |a riadenie vnútropodnikové |
| 610 | 2 | 0 | |a účtovníctvo finančné |
| 610 | 2 | 0 | |a kontroling vnútropodnikový |
| 610 | 2 | 0 | |a firmy |
| 610 | 2 | 0 | |a Česko |
| 100 | 1 | |a Zeman, Vlastimil | |
| 700 | 1 | |a Zámečník, Roman | |